书目信息 |
| 题名: |
孙立人大传
|
|
| 作者: | 王丰 著 | |
| 分册: | ||
| 出版信息: | 北京 现代出版社 2017 |
|
| 页数: | 333页 | |
| 开本: | 24cm | |
| 丛书名: | ||
| 单 册: | ||
| 中图分类: | K825.2=75 | |
| 科图分类: | ||
| 主题词: | 军事人物--jun shi ren wu--传记--中国--现代 | |
| 电子资源: | ||
| ISBN: | 978-7-5143-3735-8 | |
| 000 | 01225nam0 22002651 450 | |
| 001 | 0118172219 | |
| 005 | 20170618172219.0 | |
| 010 | @a978-7-5143-3735-8@dCNY49.80 | |
| 100 | @a20170117d2017 em y0chiy50 ea | |
| 101 | 0 | @achi |
| 102 | @aCN@b110000 | |
| 105 | @aa z 000yb | |
| 106 | @ar | |
| 200 | 1 | @a孙立人大传@Asun li ren da chuan@f王丰著 |
| 210 | @a北京@c现代出版社@d2017 | |
| 215 | @a333页@c照片@d24cm | |
| 305 | @a《孙立人传奇》经作者王丰授权现代出版社有限公司在中国大陆独家出版发行 | |
| 314 | @a王丰,博士学位,台湾著名专家作家,蒋介石家族研究权威学者。作品有《蒋介石心传》《蒋介石父子1949危机档案》等。 | |
| 330 | @a本书从孙立人入弗吉尼亚军事学院学习现代军事讲起,全面还原了这位抗日军神坎坷而辉煌的一生,解开了他身上的诸多谜团,如在国民党军遭黄埔系军官排挤的过往,戴笠对他由恨生敬转变的真相,抗战中他活埋日军之谜,与蒋介石、蒋经国交恶的之由,美国曾想用他取代蒋介石……作者收集了大量历史资料,尤其是走访了孙立人的许多部下,通过真实的故事来揭开历史的真相。 | |
| 600 | 0 | @a孙立人@Asun li ren@f(1900-1990)@x传记 |
| 606 | 0 | @a军事人物@Ajun shi ren wu@x传记@y中国@z现代 |
| 690 | @aK825.2=75@v5 | |
| 701 | 0 | @a王丰@Awang feng@4著 |
| 801 | 0 | @aCN@bTANGWEI@c20170615 |
| 905 | @b1008801-6@dK825.2=75@e939@f6 | |
| 孙立人大传/王丰著.-北京:现代出版社,2017 |
| 333页:照片;24cm |
| ISBN 978-7-5143-3735-8:CNY49.80 |
| 本书从孙立人入弗吉尼亚军事学院学习现代军事讲起,全面还原了这位抗日军神坎坷而辉煌的一生,解开了他身上的诸多谜团,如在国民党军遭黄埔系军官排挤的过往,戴笠对他由恨生敬转变的真相,抗战中他活埋日军之谜,与蒋介石、蒋经国交恶的之由,美国曾想用他取代蒋介石……作者收集了大量历史资料,尤其是走访了孙立人的许多部下,通过真实的故事来揭开历史的真相。 |
| ● |
| 相关链接 |
|
|
|
|
正题名:孙立人大传
索取号:K825.2=75/939
 
预约/预借
| 序号 | 登录号 | 条形码 | 馆藏地/架位号 | 状态 | 备注 |
| 1 | 1008801 | 210088019 | 第二样本阅览室/ [索取号:K825.2=75/939] | 在馆 | |
| 2 | 1008802 | 210088028 | 教育系资料室/ [索取号:K825.2=75/939] | 在馆 | |
| 3 | 1008803 | 210088037 | 教育系资料室/ [索取号:K825.2=75/939] | 在馆 | |
| 4 | 1008804 | 210088046 | 教育系资料室/ [索取号:K825.2=75/939] | 在馆 | |
| 5 | 1008805 | 210088055 | 第二借阅区/ [索取号:K825.2=75/939] | 在馆 | |
| 6 | 1008806 | 210088064 | 第二借阅区/ [索取号:K825.2=75/939] | 在馆 |